000
00291nam a22001337a 4500
008
181022b xxu||||| |||| 00| 0 eng d
020
_a
9780716728344
041
_a
eng
080
_a
574
100
_a
9
101
_a
MJE
245
_a
Environmental Geology
_c
Merritts, D
942
_2
udc
_c
BK
999
_c
50531
_d
50531